| 000 | 01549nam a2200409Ia 4500 | ||
|---|---|---|---|
| 001 | ebr10554041 | ||
| 003 | CaPaEBR | ||
| 006 | m u | ||
| 007 | cr cn||||||||| | ||
| 008 | 110816s2012 laua sb s001 0 eng d | ||
| 010 | _z 2011033385 | ||
| 020 | _z080714374X | ||
| 020 | _z0807143758 | ||
| 020 | _z0807143766 | ||
| 020 | _z0807143774 | ||
| 020 | _z9780807143742 | ||
| 020 | _z9780807143759 | ||
| 020 | _z9780807143766 | ||
| 020 | _z9780807143773 | ||
| 040 |
_aCaPaEBR _cCaPaEBR |
||
| 035 | _a(OCoLC)794490976 | ||
| 050 | 1 | 4 |
_aF234.R557 _bB35 2012eb |
| 100 | 1 |
_aBaker, Meredith Henne, _d1979- |
|
| 245 | 1 | 4 |
_aThe Richmond Theater fire _h[electronic resource] : _bearly America's first great disaster / _cMeredith Henne Baker. |
| 260 |
_aBaton Rouge : _bLouisiana State University Press, _cc2012. |
||
| 300 |
_ax, 317 p. : _bill. |
||
| 504 | _aIncludes bibliographical references and index. | ||
| 533 |
_aElectronic reproduction. _bPalo Alto, Calif. : _cebrary, _d2011. _nAvailable via World Wide Web. _nAccess may be limited to ebrary affiliated libraries. |
||
| 610 | 2 | 0 |
_aRichmond Theater (Richmond, Va.) _xFire, 1811. |
| 650 | 0 |
_aFires _zVirginia _zRichmond. |
|
| 650 | 0 |
_aTheaters _xAccidents _zVirginia _zRichmond. |
|
| 651 | 0 |
_aRichmond (Va.) _vBiography. |
|
| 651 | 0 |
_aRichmond (Va.) _xHistory _y19th century. |
|
| 655 | 7 |
_aElectronic books. _2local |
|
| 710 | 2 | _aebrary, Inc. | |
| 856 | 4 | 0 |
_uhttp://site.ebrary.com/lib/rucke/Doc?id=10554041 _zAn electronic book accessible through the World Wide Web; click to view |
| 999 |
_c90914 _d90914 |
||